| 000 | 00467nam a2200157Ia 4500 | ||
|---|---|---|---|
| 008 | 210210b1980 xxu||||| |||| 00| 0 eng d | ||
| 082 | _a338.95487 PUTE | ||
| 100 | _aPUTTASWAMAIAH (K). | ||
| 245 | _aEconomic development of karnataka: a treatise in continuity and change. Vol 2. | ||
| 260 |
_aNew Delhi. _bOxford & IBH Publishing Co., _c1980 |
||
| 300 | _axxxi,810,1566 | ||
| 440 | _a2 | ||
| 650 | _aKarnataka | ||
| 690 | _aEconomic Development | ||
| 906 | _a037564 | ||
| 999 |
_c87816 _d87816 |
||